MARC

LEADER 00000nam0a2200000 4500
001 373140
005 20231102012534.0
020 |a RU  |b 81-92094 
035 |a (RuTPU)RU\TPU\retro\30566 
035 |a RU\TPU\book\305285 
090 |a 373140 
100 |a 20221215d1981 k y0rusy5003 ca 
101 0 |a rus 
102 |a RU 
105 |a a z 001zy 
200 1 |a Естественные физические поля океана  |f Р. М. Деменицкая, С. С. Иванов, Э. М. Литвинов 
210 |a Ленинград  |c Недра  |d 1981 
215 |a 272 с.  |c ил.  |d 22 см. 
606 1 |a Океаны  |x Геофизика  |2 stltpush  |3 (RuTPU)RU\TPU\subj\46872  |9 65965 
610 1 |a морская вода 
610 1 |a физические поля 
610 1 |a литосфера 
610 1 |a гравитационное поле 
610 1 |a геомагнитное поле 
610 1 |a геотермия 
610 1 |a сейсмичность 
610 1 |a вертикальные движения 
675 |a 551.242.1  |v 3 
700 1 |a Деменицкая  |b Р. М.  |g Раиса Михайловна  |4 070 
701 1 |a Иванов  |b С. С.  |g Сергей Сергеевич 
701 1 |a Литвинов  |b Э. М.  |g Эдуард Матвеевич 
801 1 |a RU  |b 63413507  |c 20150123 
801 2 |a RU  |b 63413507  |c 20221215  |g RCR 
942 |c BK